banner koha

Tamanho de parcela e número de repetições em feijão guandu (Registro n. 299424)

MARC details
000 -LÍDER
fixed length control field 04439nab a2200337 i 4500
003 - CÓDIGO MARC DA AGÊNCIA CATALOGADORA
Campo de controle BR-BrBNA
005 - DATA E HORA DA ÚLTIMA ATUALIZAÇÃO
Campo de controle 20240502145543.0
008 - CAMPO DE TAMANHO FIXO
fixed length control field 240502b2016 bl.mr|pooa||| 00| 0 por |
040 ## - FONTE DA CATALOGAÇÃO
Agência catalogadora BR-BrBNA
Idioma da catalogação por
072 ## - CATEGORIA AGRIS
Código AGRIS F01
Código do objeto 1480
100 ## - ENTRADA PRINCIPAL - NOME PESSOAL
Nome pessoal Santos, Gustavo Oliveira dos
100 ## - ENTRADA PRINCIPAL - NOME PESSOAL
Nome pessoal Cargnelutti Filho, Alberto
100 ## - ENTRADA PRINCIPAL - NOME PESSOAL
Nome pessoal Alves, Bruna Mendonça
100 ## - ENTRADA PRINCIPAL - NOME PESSOAL
Nome pessoal Burin, Cláudia
100 ## - ENTRADA PRINCIPAL - NOME PESSOAL
Nome pessoal Facco, Giovani
100 ## - ENTRADA PRINCIPAL - NOME PESSOAL
Nome pessoal Toebe, Marcos
100 ## - ENTRADA PRINCIPAL - NOME PESSOAL
Nome pessoal Kleinpaul, Jéssica Andiara
100 ## - ENTRADA PRINCIPAL - NOME PESSOAL
Nome pessoal Neu, Ismael Mario Márcio
100 ## - ENTRADA PRINCIPAL - NOME PESSOAL
Nome pessoal Stefanello, Réges Bellé
245 ## - TÍTULO PRINCIPAL
Título principal Tamanho de parcela e número de repetições em feijão guandu
500 ## - NOTA GERAL
Nota geral Publicação on-line; 15 ref.; 4 tables; Sumaries (Pt, En)
942 ## - ADDED ENTRY ELEMENTS (KOHA)
Koha item type
520 ## - NOTA DE RESUMO
Nota de conteúdo <br/><br/>RESUMO - Os objetivos deste trabalho foram determinar o tamanho ótimo de parcela e o número de repetições para avaliar a massa verde de feijão guandu (Cajanus cajan (L.) Millsp.), em épocas e anos de avaliação. Foram realizados 80 ensaios de uniformidade de 6m×6m (36m2). Cada ensaio foi dividido em 36 unidades experimentais básicas (UEB) de 1m×1m, totalizando 2.880UEB. Foi pesada a massa verde das plantas de cada UEB. No ano agrícola 2011/2012, foram avaliados 16 ensaios aos 127 dias após a semeadura (DAS) e 24 aos 139DAS. Em 2012/2013, foram avaliados quatro ensaios em cada uma das épocas (163, 167, 170, 174, 177, 181, 184, 188, 191 e 195DAS). O tamanho ótimo de parcela foi determinado por meio do método da curvatura máxima do modelo do coeficiente de variação e as comparações de médias, entre épocas e os anos de avaliação, foram feitas pelo teste de Scott-Knott. O número de repetições, em cenários formados pelas combinações de i tratamentos (i=3, 4, ..., 50) e d diferenças mínimas entre médias de tratamentos a serem detectadas como significativas a 5% de probabilidade, pelo teste de Tukey, expressas em percentagem da média do experimento (d=10%, 15%, ..., 50%), foi determinado por processo iterativo até a convergência. O tamanho ótimo de parcela para avaliar a massa verde de feijão guandu é 8,39m2. Quatro repetições, para avaliar até 50 tratamentos, são suficientes para identificar, como significativas a 5% de probabilidade, pelo teste de Tukey, diferenças entre médias de tratamentos de 54,1% da média do experimento.<br/><br/>Palavras-chave: Cajanus cajan (L.) Millsp., planejamento experimental, precisão experimental
520 ## - NOTA DE RESUMO
Nota de conteúdo <br/><br/>ABSTRACT - The objectives of this research were to determine the optimum plot size and number of repetitions, to evaluate the fresh weight of pigeonpea (Cajanus cajan (L.) Millsp.), in times and years. Eighty uniformity trials of 6m×6m (36m2) were conducted. Each trial was divided in 36 basic experimental units (BEU) of 1m×1m, totaling 2,880BEU. The fresh weight of plants, in each BEU was weighed. The agricultural year 2011/2012, were evaluated 16 trials at 127 days after sowing (DAS) and 24 to 139DAS. In 2012/2013, four trials at each of times (163, 167, 170, 174, 177, 181, 184, 188, 191 and 195DAS) were evaluated. The optimum plot size was determined by the method of maximum curvature of the coefficient of variation model and the means compared, among evaluation times and years, by Scott-Knott test. The number of repetitions, in scenarios of combinations of i treatments (i=3, 4, ..., 50) and d minimal differences between treatments means, to be detected as significant, 5% probability by Tukey’s test, expressed in percentage of experiment avarage (d=10%, 15%, ..., 50%), was determined by iterative process until convergence. The optimum plot size to evaluate the fresh weight of pigeonpea is was 8.39m2. Four replications, to evaluate up to 50 treatments, are sufficient to identify, as significant at 5% probability by Tukey’s test, differences between treatment means of 54.1% of the average experiment. <br/><br/>Key words: Cajanus cajan (L.) Millsp., experimental planning, experimental precision.
650 ## - ASSUNTO - THESAGRO
Cabeçalho tópico ou nome geográfico GUANDU
650 ## - ASSUNTO - THESAGRO
Cabeçalho tópico ou nome geográfico PARCELA EXPERIMENTAL
650 ## - ASSUNTO - THESAGRO
Cabeçalho tópico ou nome geográfico PRÁTICA CULTURAL
773 0# - ENTRADA ANALÍTICA
Host Biblionumber 2408
Registro do item 314889
Imprenta Santa Maria-RS Universidade Federal de Santa Maria - Centro de Ciências Rurais 1991
Outro identificador 2024-1140
Título Ciência Rural (Brazil)
ISSN 0103-8478
Colação v. 46(1) p. 44-52; (2016)
Número de controle de registro BR2024000873
856 ## - ACESSO E ENDEREÇO ELETRÔNICO
Identificador uniforme de recurso - URI https://www.scielo.br/j/cr/a/JyTXp89PFWjpyVfkLqZm5nD/?format=pdf&lang=pt

Nenhum exemplar disponível.

BINAGRI

Telefone: (61)3218-2567/2388/3357/2097 - binagri@agro.gov.br

Ministério da Agricultura e Pecuária , Esplanada dos Ministérios, Bloco D, Anexo B, Brasília/DF, CEP: 70.043-900